Sports Quiz

Random Sports or Auto Racing Quiz
Score 0/109 Timer 20:00
0 Plays Today
Number Driver % Correct
1Kurt Busch
96.8%
18Kyle Busch
96.8%
97Kurt Busch
96.8%
4Kevin Harvick
95.7%
29Kevin Harvick
95.7%
3Austin Dillon
92.6%
9Chase Elliott
92%
13Ty Dillon
92%
2Brad Keselowski
91.5%
25Brad Keselowski
91.5%
6Ryan Newman
91%
31Ryan Newman
91%
39Ryan Newman
91%
91Bill Elliott
91%
94Bill Elliott
91%
19Martin Truex Jr
90.4%
56Martin Truex Jr
90.4%
78Martin Truex Jr
90.4%
11Denny Hamlin
89.9%
48Jimmie Johnson
89.9%
12Ryan Blaney
89.4%
14Clint Bowyer
89.4%
22Joey Logano
89.4%
33Clint Bowyer
89.4%
20Erik Jones
88.3%
24William Byron
87.8%
43Darrell Wallace Jr
86.7%
88Alex Bowman
84.6%
99Carl Edwards
84.6%
10Aric Almirola
83.5%
5Kasey Kahne
83%
16Greg Biffle
83%
42Matt Kenseth
81.9%
21Matt DiBenedetto
81.4%
17Chris Buescher
80.9%
47Ricky Stenhouse Jr
80.9%
81Kenny Wallace
79.8%
Number Driver % Correct
37Ryan Preece
78.7%
8Tyler Reddick
76.6%
38John Hunter Nemechek
76.6%
27J.J. Yeley
75.5%
45Kyle Petty
74.5%
41Daniel Suarez
73.9%
55Michael Waltrip
73.4%
01Regan Smith
72.9%
95Christopher Bell
72.9%
83Matt DiBenedetto
72.3%
23David Ragan
71.3%
34Michael McDowell
71.3%
79Roy Smith
71.3%
66Joe Nemechek
70.2%
87Joe Nemechek
70.2%
40Jamie McMurray
68.6%
32Corey LaJoie
68.1%
96Daniel Suarez
67%
00Landon Cassill
65.4%
07Casey Mears
59.6%
08Terry Labonte
58%
09Bobby Labonte
58%
15Brennan Poole
58%
62Brendan Gaughan
56.4%
75Brendan Gaughan
56.4%
84A.J Allmendinger
55.9%
77Ross Chastain
53.7%
82Scott Speed
52.1%
7Elliott Sadler
49.5%
28Travis Kvapil
48.9%
93Travis Kvapil
48.9%
44Brian Scott
48.4%
26J.J. Yeley
46.8%
49J.J. Yeley
46.8%
36Matt Tifft
45.2%
35Cole Whitt
43.1%
72Cole Whitt
43.1%
Number Driver % Correct
98Cole Whitt
43.1%
89Morgan Shepherd
42.6%
54Todd Bodine
42%
70Ken Schrader
39.9%
0Mike Bliss
37.2%
46Michael Annett
36.7%
60Boris Said
36.2%
30David Stremme
34.6%
74Tony Raines
32.4%
53Garrett Smithley
30.3%
03David Pearson
29.8%
58Ricky Craven
29.8%
50Jimmy Spencer
29.3%
57Jimmy Spencer
29.3%
06Buddy Baker
28.2%
86Buck Baker
28.2%
76Ron Hornaday Jr
26.6%
61Kevin Lepage
25%
90Dick Trickle
25%
71Andy Lally
23.4%
92Stacy Compton
23.4%
02Brandon Ash
13.8%
52Jack Sprague
13.8%
04Eric McClure
11.2%
68Greg Sacks
10.6%
05Dick Brooks
7.4%
51Ausin Theriault
7.4%
67Buddy Arrington
6.9%
69Johnny Allen
6.9%
80Jim Paschal
6.9%
85Tommy Irwin
6.4%
59Richard Brickhouse
4.8%
73Phil Barkdoll
3.7%
64Trevor Boys
2.7%
63Terry Bivins
0%
Remove Ads.
Support Sporcle.
Get the best of Sporcle when you Go Orange. This ad-free experience offers more features, more stats, and more fun while also helping to support Sporcle. Thank you for becoming a member.

You're not logged in!

Compare scores with friends on all Sporcle quizzes.
OR
Log In

Sporcle TV

Today on Sporcle TV


Watch our educational content, quiz creation guides, and fun videos on Sporcle TV.

Show Comments

Extras

Top Quizzes Today


Score Distribution

Paid Content

Your Account Isn't Verified!

In order to create a playlist on Sporcle, you need to verify the email address you used during registration. Go to your Sporcle Settings to finish the process.

Report this User

Report this user for behavior that violates our Community Guidelines.

Details: